Statistiques concernant Mot mystérieux - Série 63

Cliquez ici pour prendre le quiz!

Statistiques générales

  • Ce quiz a été pris 72 fois
  • Le résultat moyen est 6 sur 10

Statistiques - réponses

IndicesMot% Correct
roman - personnage - science - pulpfiction
87%
âge - anticipée - flambeaux - Russieretraite
72%
bière - pneu - huile - atmosphériquepression
70%
glace - opératoire - note - estbloc
62%
or - théâtre - monnaie - identitépièce
62%
barbe - Marseille - noir - planchesavon
62%
figure - vie - vestimentaire - exercicestyle
55%
style - proue - yoga - rhétoriquefigure
52%
canon - charbon - Metz - Montaubanboulet
32%
assurance - paiement- entretien - cuirassedéfaut
2%

Distribution des résultats

Percentile par nombre de réponses

% des personnes avec chaque résultat

Votre développement - résultats

Vous n’avez pas pris ce quiz